Programovanie v jazyku Fortran

Bibliographic Details
Main Author: Molnár, Ľudovít, 1940- (Author)
Format: Book
Language:Slovak
PhysicalDescription:109 s., 6,500 AH 29 cm
Published: Bratislava Slovenská vysoká škola technická 1982
Edition:2. vyd.
Subjects:

MARC

LEADER 00000cam a2200000 a 4500
001 vtls001098198
003 SK-MaSNL
005 20260301233132.0
008 240313s1982 xo 00000 slo
015 |a SNBA1982/06 
035 |a SNK000041040 
040 |a SNK  |b slo  |c SNK  |e AACR2 
041 0 |a slo 
044 |a xo  |c SK 
080 |a 519.682(075.8)  |2 1981 
100 1 |a Molnár, Ľudovít,  |d 1940-  |4 aut  |9 212431 
245 1 0 |a Programovanie v jazyku Fortran  |c Ľudovít Molnár 
250 |a 2. vyd. 
260 |a Bratislava  |b Slovenská vysoká škola technická  |c 1982  |e Bratislava  |f Edičné stredisko SVŠT 
300 |a 109 s., 6,500 AH  |c 29 cm 
366 |e 200 výt. 
500 |a Schválilo MŠ SSR ako skriptum. Rozmn. 
504 |a Bibliogr. 
650 0 7 |a programovacie jazyky  |2 SNKPH  |9 1838 
655 7 |a učebnice vysokých škôl  |2 SNKPH  |9 70191 
958 |a OND 
958 |a RM 
958 |a UV 
999 |c 964688  |d 966618 
952 |a SNK  |b SNK  |y VYP  |7 0  |o snkSB 33718 D1  |i snkKSP 3946/82  |0 0  |1 0  |4 0  |d 2014-06-02  |l 0  |r 2026-02-24 10:33:12  |w 2026-02-24 
952 |a SNK  |b SNK  |y PREZ  |7 0  |p 17A0981635  |o snkSB 33718  |i snkKSP 3945/82  |0 0  |1 0  |4 0  |d 2014-06-02  |l 0  |r 2025-04-08 00:00:00  |w 2026-02-24